[Event "Skopje op-B"]
[Site "Skopje"]
[Date "2023.12.08"]
[Round "3"]
[White "Oner, Mert Mirac"]
[Black "Aliu, Arlinda"]
[Result "1-0"]
[WhiteElo "1334"]
[BlackElo "1759"]
[PlyCount "51"]
[EventDate "2023.12.06"]
[EventType "swiss"]
[EventRounds "9"]
[EventCountry "MKD"]
[SourceTitle "CB51_2023"]
[SourceDate "2023.12.20"]
[SourceVersion "1"]
[SourceVersionDate "2023.12.20"]
[SourceQuality "1"]

1. e4 e5 2. Nf3 Nc6 3. Bc4 Bc5 4. 0-0 Nf6 5. d3 0-0 6. c3 d6 7. h3 Be6 8. Bb5 a6 9. Bxc6 bxc6 10. d4 exd4 11. cxd4 Bb6 12. Nc3 Qd7 13. Bg5 Kh8 14. d5 cxd5 15. exd5 Bf5 16. Nh4 Bg6 17. Kh2 Rae8 18. Bxf6 gxf6 19. Qd2 Re5 20. f4 Rh5 21. g3 Re8 22. Rae1 Rxe1 23. Rxe1 Ba5 24. Re3 Qa4 25. Qf2 Bb6 26. Nxa4 1-0